[Event "Europa Clubs Cup (Frauen)"] 
[Site "Rethymnon (Kreta)"] 
[Date "2003.10.04"]
[Round "7.11"]
[White "Matveeva, Svetlana"]
[Black "Bojkovic, Natasa"]
[Result "1-0"]
[WhiteElo "2478"]
[BlackElo "2408"]
[PlyCount "81"]
[EventDate "2003.09.30"]

1. d4 Nf6 2. c4 e6 3. Nc3 Bb4 4. Qc2 c5 5. dxc5 Qc7 6. a3 Bxc5 7. b4 Be7 8. Nb5
Qc6 9. Nf3 d6 10. Nfd4 Qd7 11. e4 a6 12. Nc3 b6 13. Be2 Bb7 14. O-O O-O 15. Be3
Qc7 16. f4 Rc8 17. Rac1 Qd8 18. e5 Nfd7 19. Rcd1 dxe5 20. fxe5 Bg5 21. Qd2
Bxe3+ 22. Qxe3 Qc7 23. Bf3 Nc6 24. Bxc6 Bxc6 25. Nxc6 Qxc6 26. Rd6 Qc7 27. Rfd1
Nf8 28. Na4 b5 29. Nb6 bxc4 30. Nxa8 Rxa8 31. Qc5 Qe7 32. Qxc4 Qg5 33. Rxa6
Rxa6 34. Qxa6 Qe3+ 35. Kh1 h5 36. Qd3 Qxe5 37. b5 Ng6 38. b6 Nf4 39. Qd8+ Kh7
40. b7 Qe4 41. Qd2 1-0

[Event "Europa Clubs Cup (Frauen)"] 
[Site "Rethymnon (Kreta)"] 
[Date "2003.10.04"]
[Round "7.14"]
[White "Manakova, Maria"]
[Black "Benderac, Ana"]
[Result "1/2-1/2"]
[WhiteElo "2365"]
[BlackElo "2310"]
[PlyCount "87"]
[EventDate "2003.09.30"]

1. e4 c6 2. Nf3 d5 3. Nc3 dxe4 4. Nxe4 Nf6 5. Nxf6+ exf6 6. d4 Bd6 7. Be2 O-O
8. O-O Bg4 9. h3 Be6 10. c4 Re8 11. Qc2 Qc8 12. Rd1 Bf5 13. Bd3 Bxh3 14. Bxh7+
Kh8 15. Nh4 Qg4 16. Bf5 Qxh4 17. Bxh3 Re7 18. Be3 g6 19. c5 Bc7 20. Qd3 Na6 21.
a3 Rae8 22. d5 cxd5 23. Qxd5 Be5 24. Rab1 Kg7 25. Qf3 f5 26. b4 Nc7 27. b5 Ne6
28. Rb4 f4 29. Bxe6 Rxe6 30. g3 Qh3 31. Rxf4 Bxf4 32. Qxf4 Re4 33. Qf3 Qe6 34.
Rd6 Qe5 35. Bd2 Qh5 36. Qf6+ Kg8 37. Be3 Rxe3 38. fxe3 Qxc5 39. Qd4 Qxb5 40.
Rd8 Qb1+ 41. Kh2 Qc2+ 42. Kg1 Qb1+ 43. Kh2 Qc2+ 44. Kg1 1/2-1/2

[Event "Europa Clubs Cup (Frauen)"] 
[Site "Rethymnon (Kreta)"] 
[Date "2003.10.04"]
[Round "7.23"]
[White "Gretarsdottir, Lilja"]
[Black "Zaiatz, Elena"]
[Result "0-1"]
[WhiteElo "2058"]
[BlackElo "2332"]
[PlyCount "66"]
[EventDate "2003.09.30"]

1. c4 e6 2. g3 d5 3. Bg2 g6 4. Nf3 Bg7 5. d4 Ne7 6. O-O O-O 7. Qc2 Nbc6 8. Rd1
a5 9. b3 b6 10. Ba3 Nb4 11. Bxb4 axb4 12. c5 Ra5 13. cxb6 c5 14. Nbd2 cxd4 15.
Rac1 Qxb6 16. Nf1 Ra7 17. Qd2 e5 18. Rc2 Bf5 19. Rcc1 Rfa8 20. Ra1 Rc8 21. Ne1
e4 22. Nc2 Nc6 23. a4 bxa3 24. Nxa3 d3 25. exd3 Bxa1 26. Rxa1 Qxb3 27. dxe4
Bxe4 28. Bxe4 dxe4 29. Nc2 Rxa1 30. Nxa1 Qd3 31. Qb2 Nd4 32. Ne3 Qc3 33. Qb7
Qxa1+ 0-1

[Event "Europa Clubs Cup (Frauen)"] 
[Site "Rethymnon (Kreta)"] 
[Date "2003.10.04"]
[Round "7.24"]
[White "Ovod, Evgenija"]
[Black "Matnadze, Ana"]
[Result "0-1"]
[WhiteElo "2307"]
[BlackElo "2386"]
[PlyCount "108"]
[EventDate "2003.09.30"]

1. d4 Nf6 2. c4 e6 3. Nc3 Bb4 4. e3 Nc6 5. Bd3 e5 6. Nge2 d5 7. cxd5 Nxd5 8. e4
Nb6 9. d5 Ne7 10. Bg5 h6 11. Bh4 a6 12. O-O O-O 13. f3 Bc5+ 14. Kh1 Qe8 15. Qc2
Bd7 16. a4 Ng6 17. Be1 Bd6 18. a5 Nc8 19. Na4 Bb5 20. Bf2 Bxd3 21. Qxd3 Na7 22.
Nc5 Qc8 23. g3 Rb8 24. Kg2 Rd8 25. h4 Nb5 26. Rfc1 Bxc5 27. Bxc5 Qd7 28. Qe3 f5
29. h5 Nf8 30. Nc3 Nh7 31. exf5 Nxc3 32. bxc3 Qxd5 33. Rd1 Qb3 34. Rd2 Nf6 35.
Rad1 Rxd2+ 36. Rxd2 Re8 37. Kh3 Qb5 38. g4 Qxa5 39. Rg2 Nd5 40. Qf2 Nf4+ 41.
Kh2 Nxg2 42. Kxg2 Qa4 43. Qd2 Qc4 44. Be3 e4 45. f6 exf3+ 46. Kg3 Qe6 47. Bd4
Qe1+ 48. Qxe1 Rxe1 49. fxg7 a5 50. Kxf3 a4 51. Kf2 Re4 52. Kf3 Rxd4 53. cxd4 a3
54. g5 Kxg7 0-1

[Event "Europa Clubs Cup (Frauen)"] 
[Site "Rethymnon (Kreta)"] 
[Date "2003.10.04"]
[Round "7.31"]
[White "Galliamova, Alisa"]
[Black "Ptacnikova, Lenka"]
[Result "1/2-1/2"]
[WhiteElo "2502"]
[BlackElo "2215"]
[PlyCount "50"]
[EventDate "2003.09.30"]

1. d4 Nf6 2. c4 e6 3. Nf3 Bb4+ 4. Nbd2 b6 5. g3 Bb7 6. Bg2 c5 7. a3 Bxd2+ 8.
Qxd2 cxd4 9. Qxd4 Nc6 10. Qc3 Rc8 11. b4 d5 12. cxd5 Qxd5 13. O-O Na5 14. Qb2
Nc4 15. Qb3 b5 16. a4 a6 17. axb5 axb5 18. Ra7 O-O 19. Rd1 Qc6 20. Ne1 Nd5 21.
Bxd5 exd5 22. Nf3 d4 23. Bb2 Rfe8 24. Rxb7 Qxb7 25. Nxd4 Nxb2 1/2-1/2

[Event "Europa Clubs Cup (Frauen)"] 
[Site "Rethymnon (Kreta)"] 
[Date "2003.10.04"]
[Round "7.42"]
[White "Zatulovskaya, Tatiana"]
[Black "Petrenko, Svetlana"]
[Result "0-1"]
[WhiteElo "2178"]
[BlackElo "2346"]
[PlyCount "68"]
[EventDate "2003.09.30"]

1. e4 c5 2. Nc3 Nc6 3. g3 e5 4. Bg2 Nf6 5. d3 d6 6. f4 Be7 7. Nf3 exf4 8. gxf4
Bg4 9. h3 Bh5 10. Ne2 Nd7 11. O-O Bh4 12. Be3 Bxf3 13. Bxf3 O-O 14. c3 Qe7 15.
Kh2 Kh8 16. Bf2 f5 17. Bxh4 Qxh4 18. Qe1 Qh6 19. Qg3 Rae8 20. Rad1 c4 21. exf5
cxd3 22. Rxd3 Nc5 23. Rd2 Rxf5 24. Rfd1 Rf6 25. f5 Ne5 26. Nd4 Nc4 27. Rg2 Ne3
28. Re2 Ref8 29. Rxe3 Qxe3 30. Re1 Qh6 31. Re2 b6 32. Bd5 g6 33. b4 Nd7 34. Nc6
Rxf5 0-1

[Event "Europa Clubs Cup (Frauen)"] 
[Site "Rethymnon (Kreta)"] 
[Date "2003.10.04"]
[Round "7.43"]
[White "Partac, Elena"]
[Black "Dotan, Valeria"]
[Result "1-0"]
[WhiteElo "2253"]
[BlackElo "2029"]
[PlyCount "126"]
[EventDate "2003.09.30"]

1. e4 c5 2. Nf3 d6 3. d4 cxd4 4. Qxd4 Nc6 5. Bb5 Bd7 6. Bxc6 Bxc6 7. Nc3 Qd7 8.
h3 e6 9. Bg5 b5 10. a3 Qb7 11. O-O a5 12. Rfe1 f6 13. Bd2 h5 14. Nh4 Kf7 15. f4
Qa7 16. Qxa7+ Rxa7 17. f5 Ne7 18. fxe6+ Kxe6 19. Nf3 Kd7 20. Nd4 Rb7 21. Rad1
Ng6 22. Nxc6 Kxc6 23. Nd5 Ra7 24. Re3 a4 25. Rc3+ Kd7 26. Be3 Rb7 27. Nb6+ Ke6
28. Rd5 Ne5 29. Rxb5 Be7 30. Rb4 Rhb8 31. Nd5 Bd8 32. Rxb7 Rxb7 33. b3 f5 34.
Nf4+ Kf7 35. exf5 Kf6 36. Nxh5+ Kxf5 37. bxa4 g6 38. Ng3+ Ke6 39. Ne4 Kd5 40.
Nd2 Rb2 41. Rc8 Ba5 42. Nb3 Be1 43. Kf1 Bg3 44. Ke2 Nc4 45. Bc1 Ra2 46. Kd1
Nxa3 47. Bxa3 Rxa3 48. a5 g5 49. Ke2 Ra4 50. Kf3 Be1 51. g3 Ra3 52. Rg8 Bd2 53.
Ke2 Bc3 54. Rxg5+ Be5 55. Kd3 Ra4 56. h4 Rc4 57. h5 Rc3+ 58. Kd2 Rxg3 59. Rxg3
Bxg3 60. Ke3 Be5 61. a6 Kc6 62. Na5+ Kb5 63. c4+ Kxa5 1-0

[Event "Europa Clubs Cup (Frauen)"] 
[Site "Rethymnon (Kreta)"] 
[Date "2003.10.04"]
[Round "7.44"]
[White "Srumin, Galina"]
[Black "Smokina, Karolina"]
[Result "0-1"]
[WhiteElo "2503"]
[BlackElo "2388"]
[PlyCount "60"]
[EventDate "2003.09.30"]

1. e4 c5 2. Nf3 Nc6 3. d4 cxd4 4. Nxd4 e5 5. Nb5 d6 6. g3 Be6 7. Bg2 Be7 8. O-O
Bc4 9. N1c3 Bxf1 10. Bxf1 a6 11. Na3 Nf6 12. Bg2 O-O 13. Nd5 Nxd5 14. exd5 Nb8
15. Nc4 Nd7 16. Be3 Rc8 17. Nd2 Bg5 18. f4 h6 19. c3 f5 20. Nf3 Nf6 21. Kh1 Ng4
22. Qd2 Rc4 23. Re1 Nxe3 24. Qxe3 Re4 25. Qf2 exf4 26. gxf4 Qe7 27. Rxe4 fxe4
28. Nd4 e3 29. Qe1 Rxf4 30. Ne6 Rf2 0-1

[Event "Europa Clubs Cup (Frauen)"] 
[Site "Rethymnon (Kreta)"] 
[Date "2003.10.04"]
[Round "7.51"]
[White "Peng, Zhaoqin"]
[Black "Johansson, Victoria"]
[Result "1-0"]
[WhiteElo "2503"]
[BlackElo "2388"]
[PlyCount "109"]
[EventDate "2003.09.30"]

1. d4 d5 2. c4 c6 3. e3 Nf6 4. Nc3 g6 5. Bd3 dxc4 6. Bxc4 Bg7 7. Nf3 O-O 8. O-O
Nd5 9. e4 Nb6 10. Bb3 Bg4 11. Be3 e5 12. d5 cxd5 13. Bxb6 Qxb6 14. Nxd5 Qd8 15.
h3 Be6 16. Nb4 Qe7 17. Bxe6 Qxe6 18. Nd5 Na6 19. Rc1 Rad8 20. Qb3 Rd7 21. Rfe1
h6 22. Qe3 b6 23. Nd2 Nc5 24. f3 Rfd8 25. b4 Na6 26. a3 Kh7 27. Rc2 f5 28. Rec1
Nb8 29. Rc7 Rxc7 30. Rxc7 Rd7 31. Qc3 fxe4 32. fxe4 Qf7 33. Nf3 Na6 34. Rxd7
Qxd7 35. Qc4 b5 36. Qd3 Qc6 37. Kh2 Nb8 38. Qe3 a6 39. Qa7 Nd7 40. Kg3 Nf6 41.
Nxf6+ Qxf6 42. Qb7 h5 43. Qd7 g5 44. Kf2 Kg6 45. g4 hxg4 46. hxg4 Kh6 47. Ke2
Bf8 48. Qf5 Qxf5 49. exf5 Bd6 50. Kd3 Kg7 51. Nxg5 a5 52. bxa5 Bxa3 53. Ne4 Bb2
54. Nc5 Kf6 55. Nb3 1-0

[Event "Europa Clubs Cup (Frauen)"] 
[Site "Rethymnon (Kreta)"] 
[Date "2003.10.04"]
[Round "7.53"]
[White "Nepeina Leconte, Maria"]
[Black "Borisova, Borislava"]
[Result "1-0"]
[WhiteElo "2503"]
[BlackElo "2388"]
[PlyCount "89"]
[EventDate "2003.09.30"]

1. e4 e6 2. d4 d5 3. Nc3 Bb4 4. e5 b6 5. a3 Bf8 6. f4 Ne7 7. Nf3 g6 8. Be3 h5
9. Bf2 Nf5 10. g3 Be7 11. Qd2 Qd7 12. O-O-O Bb7 13. h3 Nc6 14. Bd3 O-O-O 15. g4
Ng7 16. Qe2 Na5 17. Nd2 Kb8 18. Kb1 Rc8 19. b4 Nc4 20. Nxc4 dxc4 21. Be4 Bxe4
22. Qxe4 c6 23. Qe2 b5 24. Qe3 Bd8 25. Ne4 Ne8 26. f5 Bb6 27. fxe6 fxe6 28. Qg5
hxg4 29. hxg4 Rxh1 30. Rxh1 Qf7 31. Nf6 Bd8 32. Bg3 Ka8 33. Rh8 Nc7 34. Qh6
Bxf6 35. Rxc8+ Kb7 36. Rf8 Bg7 37. Rxf7 Bxh6 38. Bf4 Bxf4 39. Rxf4 Nd5 40. Rf6
Kc7 41. Rxe6 Nf4 42. Rf6 Ne2 43. Rxg6 Nxd4 44. Rf6 Kd7 45. Rd6+ 1-0

[Event "Europa Clubs Cup (Frauen)"] 
[Site "Rethymnon (Kreta)"] 
[Date "2003.10.04"]
[Round "7.61"]
[White "Makka, Ioulia"]
[Black "Kovalevskaya, Ekaterina"]
[Result "0-1"]
[WhiteElo "2275"]
[BlackElo "2172"]
[PlyCount "77"]
[EventDate "2003.09.30"]

1. e4 c5 2. Nf3 Nc6 3. d4 cxd4 4. Nxd4 Nf6 5. Nc3 d6 6. g3 Bd7 7. Bg2 g6 8. O-O
Bg7 9. Nde2 O-O 10. a4 Rc8 11. h3 Na5 12. Re1 Ne8 13. Nd5 h6 14. Ra2 Nc6 15.
Bd2 e6 16. Ne3 e5 17. a5 Be6 18. b3 Qd7 19. Kh2 f5 20. exf5 gxf5 21. f4 Nf6 22.
c4 Ne4 23. Rf1 Nd4 24. Bb4 Rf7 25. Nxd4 exd4 26. Nc2 d5 27. Nxd4 dxc4 28. Nxe6
Qxe6 29. bxc4 Qxc4 30. Ra4 Qb5 31. Re1 Rd7 32. Qb3+ Kh8 33. Rb1 Rd4 34. Ra3
Rcc4 35. Be1 Qxb3 36. Raxb3 Nd2 37. Bxd2 Rxd2 38. Kh1 Rcc2 39. Bf3 0-1

[Event "Europa Clubs Cup (Frauen)"] 
[Site "Rethymnon (Kreta)"] 
[Date "2003.10.04"]
[Round "7.62"]
[White "Shumiakina, Tatiana"]
[Black "Stiri, Alexandra"]
[Result "1/2-1/2"]
[WhiteElo "2355"]
[BlackElo "2172"]
[PlyCount "50"]
[EventDate "2003.09.30"]

1. d4 Nf6 2. c4 c5 3. d5 e6 4. Nc3 exd5 5. cxd5 d6 6. Nf3 g6 7. g3 Bg7 8. Bg2
O-O 9. O-O a6 10. a4 Nbd7 11. Bf4 Qe7 12. h3 Re8 13. e4 Rb8 14. Rb1 b5 15. axb5
axb5 16. b4 Nh5 17. Bd2 cxb4 18. Rxb4 Nc5 19. Nd4 Bxd4 20. Rxd4 b4 21. Nb1 Ba6
22. Re1 Nd3 23. Rf1 Nc5 24. Re1 Nd3 25. Rf1 Nc5 1/2-1/2

[Event "Europa Clubs Cup (Frauen)"] 
[Site "Rethymnon (Kreta)"] 
[Date "2003.10.04"]
[Round "7.64"]
[White "Kochetkova, Julia"]
[Black "Markantonaki, Haritomeni"]
[Result "1-0"]
[WhiteElo "2293"]
[BlackElo "2059"]
[PlyCount "55"]
[EventDate "2003.09.30"]

1. e4 e5 2. Nf3 Nc6 3. Bb5 a6 4. Ba4 Bc5 5. c3 b5 6. Bb3 d6 7. O-O Bb6 8. a4
Bb7 9. d4 Nf6 10. Re1 O-O 11. Bg5 h6 12. Bh4 Qe7 13. d5 Nb8 14. axb5 axb5 15.
Rxa8 Bxa8 16. Nbd2 Bb7 17. Nf1 g5 18. Nxg5 hxg5 19. Bxg5 Bc8 20. Qf3 Kg7 21.
Ng3 Rh8 22. h4 Na6 23. Ra1 Kg6 24. Bc2 Nc5 25. Ra8 Bg4 26. Rxh8 Bxf3 27. Rh6+
Kg7 28. Nf5+ 1-0